Loading...
| Fine Arts - Other | 0 | 5 | 1 | 0 | 45 | 58 | 76.20 | 1 | 3 | 0.00 | 0.00 |
| Science - Biology | 0 | 3 | 0 | 0 | 30 | 43 | 55.67 | 1 | 2 | 0.00 | 0.00 |
| Literature - American | 0 | 3 | 0 | 0 | 30 | 46 | 67.67 | 0 | 1 | 0.00 | 0.00 |
| Religion | 0 | 2 | 0 | 0 | 20 | 97 | 100.50 | 0 | 0 | 0.00 | 0.00 |
| Literature - World | 0 | 2 | 0 | 0 | 20 | 65 | 71.50 | 0 | 0 | 0.00 | 0.00 |
| Painting/Sculpture | 0 | 2 | 0 | 1 | 20 | 90 | 98.50 | 0 | 1 | 0.00 | 0.00 |
| Literature - European | 0 | 2 | 0 | 0 | 20 | 44 | 79.00 | 1 | 1 | 0.00 | 0.00 |
| Pop Culture | 0 | 2 | 1 | 0 | 15 | 18 | 27.50 | 1 | 2 | 0.00 | 0.00 |
| Social Science | 0 | 1 | 0 | 1 | 10 | 62 | 62.00 | 0 | 0 | 0.00 | 0.00 |
| Geography | 0 | 1 | 0 | 0 | 10 | 55 | 55.00 | 0 | 1 | 0.00 | 0.00 |
| Literature - British | 0 | 1 | 0 | 0 | 10 | 28 | 28.00 | 1 | 1 | 0.00 | 0.00 |
| Mythology | 0 | 1 | 0 | 0 | 10 | 90 | 90.00 | 0 | 0 | 0.00 | 0.00 |
| Current Events | 0 | 1 | 0 | 0 | 10 | 55 | 55.00 | 0 | 0 | 0.00 | 0.00 |
| Science - Other | 0 | 1 | 0 | 0 | 10 | 54 | 54.00 | 1 | 1 | 0.00 | 0.00 |
| History - American | 0 | 0 | 1 | 0 | -5 | 0.00 | 0 | 0 | 0.00 | 0.00 |